000
00301nam a22001337a 4500
008
170315b xxu||||| |||| 00| 0 eng d
020
_a
084976343
041
_a
eng
080
_a
611
100
_a
7
101
_a
SHM
245
_a
EMBRYONIC MORTALITY IN DOMESTIC SPECIES
_c
ZAVY, M.T
942
_2
udc
_c
BK
999
_c
7935
_d
7935